000 01040nam a2200373 a 4500
003 AR-BaBNM
005 20251128203645.0
008 082120s2002 ||||||||||||||000 | spa||
020 _a84-7509-116-4
040 _cAR-BaBNM
100 1 _aWing, Lorna
245 0 0 _aLa educación del niño autista
_bguía para los padres y maestros
260 _aBarcelona
_bPaidós
_c1985
300 _a177 p.
490 0 _aPaidós educador
_vv. 13
504 _aBibliografía: p. 166-167
650 4 _aEDUCACION ESPECIAL
650 4 _aAUTISMO
650 4 _aPROBLEMAS DE COMPORTAMIENTO
650 4 _aPROBLEMAS EMOCIONALES
650 4 _aRETARDO MENTAL
650 4 _aSORDOS
650 4 _aDIAGNOSTICO MEDICO
650 4 _aPSICOTERAPIA
650 4 _aPAPEL DE LA FAMILIA
650 4 _aROL DEL DOCENTE
650 4 _aPAPEL DE LOS PADRES
653 _aTRASTORNOS DEL LENGUAJE
653 _aREEDUCACION
800 1 _aRomero Brest, Gilda Lamarque de
_edirector
800 1 _aBernstein, Jaime
_edirector
942 _cBK
998 _cGrace
999 _c4353
_d4353